| 000 | 00357nam a2200145Ia 4500 | ||
|---|---|---|---|
| 008 | 231217s9999 xx 000 0 und d | ||
| 041 | _aEnglish | ||
| 082 | _a621.381952 GOD;11 | ||
| 100 | _aGodse, Atul P. Godse, Deepali A. | ||
| 245 | 0 | _aLogic design | |
| 260 |
_c2003 _bTechnical Publ., _aPune |
||
| 300 | _axvi+636 | ||
| 650 | _aLogic | ||
| 942 | _cAA | ||
| 999 |
_c182560 _d182560 |
||